Zgadnij tornado po zdjęciu - Statystyki

Ogólne statystyki
  • Ten quiz został rozwiązany 20 razy
  • Średni wynik to 11 z 21
Statystyki odpowiedzi
Obrazkowy Odpowiedź % Poprawnych
El Reno
81%
Bridge Creek
75%
Smithville
75%
Elie
69%
El Reno Piedmont/Piedmont
69%
Moore
69%
Plainfield
69%
Greenfield
63%
Jarrell
63%
Enderlin
56%
Greensburg
56%
Joplin
56%
Parkersburg/New Hartford
56%
Rainsville/Fyffe
44%
Mayfield
38%
Philadelphia
38%
Vilonia/Mayflower
38%
Hackleburg Phil Campbell/Phil Campbell
31%
Hallam
25%
Hesston
25%
Goessel
19%
Nie znaleziono quizów pasujących do podanych kryteriów
Rozkład punktacji
Procent ludzi z każdym wynikiem
Percentyl według liczby udzielonych odpowiedzi
Twoja historia wyników
Nie rozwiązałeś tego quizu